[Event "UZB-ch Men 2021"]
[Site "Tashkent"]
[Date "2021.04.17"]
[Round "1.1"]
[White "Abdisalimov, Abdimalik"]
[Black "Abdusattorov, Nodirbek"]
[Result "0-1"]
[WhiteElo "2392"]
[BlackElo "2627"]
[Annotator "TA"]
[PlyCount "74"]
[EventDate "2021.04.17"]
[EventType "tourn"]
[EventCountry "UZB"]

{[%evp 20,74,23,31,28,37,27,39,56,33,68,26,46,35,19,19,27,-25,0,0,0,-14,13,-47,-34,-48,-28,-114,-62,-114,-102,-122,-123,-120,-100,-98,-116,-129,-160,-210,-203,-206,-200,-475,-469,-467,-485,-440,-489,-475,-488,-781,-368,-357,-328,-716,-675]} 1. d4 Nf6 2. c4 c5 3. d5 g6 4. Nc3 Bg7 5. e4 d6 6. Nge2 O-O 7. f3 e6 8. Ng3 exd5 9. cxd5 a6 10. a4 Nbd7 11. Be2 Rb8 {11...Ne8 is becoming the main line. A65: Modern Benoni: 6 e4.} 12. Bf4 Ne8 13. Qd2 Ne5 {White is slightly better.} 14. O-O {[#]} c4 $146 ({Predecessor:} 14... Nc7 15. Rab1 b5 16. axb5 Nxb5 17. Nxb5 axb5 18. b4 c4 19. Be3 Ra8 20. Bd4 Ra3 {½-½ (31) Prilleltensky,M (2136)-Orzechowski,J (2125) Chess.com INT 2021}) 15. Rab1 b5 16. axb5 axb5 17. b4 f5 18. Be3 (18. Bg5 $142 Qc7 19. Be3) 18... fxe4 19. Ngxe4 Bf5 20. Rbe1 Nf7 21. g4 (21. f4 $11) 21... Bxe4 $15 22. Nxe4 Ra8 23. Bd4 {[#] White is now going downhill.} (23. f4 $11) 23... Ng5 $1 {[%mdl 512]} 24. Nc3 (24. Bxg7 $15 Nxe4 25. fxe4 Rxf1+ 26. Bxf1 Nxg7 27. Bg2) 24... Nh3+ 25. Kh1 {Black must now prevent Bxg7.} Bxd4 26. Qxd4 Nc7 27. f4 Qh4 28. Rd1 Ra3 29. Rc1 Rf7 30. Kg2 h5 31. Qe4 $2 {[#]} (31. gxh5 Nxf4+ 32. Kh1) 31... Qf6 $1 $19 32. Kxh3 (32. g5 Nxf4+) 32... Re7 ({Weaker is} 32... Rxc3+ 33. Rxc3 Qxc3+ 34. Kg2 $17) 33. Qf3 hxg4+ 34. Kxg4 Rh7 {[%csl Gh7][%cal Rf6h4]} 35. Qe4 (35. Qg2 $142 Kh8 36. Bd1) 35... Rxc3 (35... Rxh2 $142 {( -> ...Qh4+)} 36. Rg1 Kh8) 36. Rxc3 Qxc3 37. Rf3 (37. Bf3) 37... Qf6 {[%csl Gh7][%cal Rf6h4] Weighted Error Value: White=0.61/Black=0.25} 0-1

[Event "UZB-ch Men 2021"]
[Site "Tashkent"]
[Date "2021.04.17"]
[Round "1.2"]
[White "Sindarov, Javokhir"]
[Black "Shermuhammadov, Samandar"]
[Result "1-0"]
[WhiteElo "2544"]
[BlackElo "2063"]
[Annotator "broadcasts"]
[PlyCount "67"]
[EventDate "2021.04.17"]
[EventType "tourn"]
[EventCountry "UZB"]
[TimeControl "5400+30"]

1. e4 e5 2. Nf3 Nf6 3. Nxe5 d6 4. Nc4 Nxe4 5. Qe2 Qe7 6. Ne3 c6 7. b3 Qe5 8. c3 Be7 9. g3 d5 10. Bg2 b6 11. O-O Ba6 12. d3 Nc5 13. Rd1 O-O 14. Bb2 Bf6 15. Na3 Nbd7 16. Nac2 Qe6 17. Nb4 Bb7 18. d4 a5 19. Nd3 Nxd3 20. Qxd3 Bg5 21. f4 Bd8 22. Re1 Qg6 23. Nf5 Kh8 24. Ba3 Rg8 25. Nd6 Ba6 26. Qxg6 hxg6 27. Nxf7+ Kh7 28. Re6 Bb5 29. Be7 Bxe7 30. Rxe7 Nf6 31. Rc1 Rge8 32. Rxe8 Rxe8 33. Ne5 Rd8 34. a4 1-0

[Event "UZB-ch Men 2021"]
[Site "Tashkent"]
[Date "2021.04.17"]
[Round "1.3"]
[White "Vakhidov, Jakhongir"]
[Black "Begmuratov, Khumoyun"]
[Result "1-0"]
[WhiteElo "2533"]
[BlackElo "1971"]
[Annotator "broadcasts"]
[PlyCount "165"]
[EventDate "2021.04.17"]
[EventType "tourn"]
[EventCountry "UZB"]
[SourceVersionDate "2021.04.17"]
[TimeControl "5400+30"]

1. c4 e5 2. Nc3 Nc6 3. Nf3 f5 4. g3 Nf6 5. d4 e4 6. Nh4 d6 7. Ng2 g6 8. h4 Bg7 9. Bg5 h6 10. Bxf6 Qxf6 11. e3 O-O 12. Nf4 Ne7 13. Be2 c6 14. Qb3 Qf7 15. O-O-O b6 16. Qa3 Rd8 17. Kb1 a6 18. Rhg1 h5 19. Qb3 Rb8 20. f3 exf3 21. Bxf3 b5 22. cxb5 Qxb3 23. axb3 axb5 24. b4 Re8 25. Rge1 Bb7 26. e4 fxe4 27. Bxe4 Nf5 28. Bxf5 Rxe1 29. Rxe1 gxf5 30. Rd1 Bh6 31. Nxh5 Kh7 32. d5 c5 33. bxc5 dxc5 34. Nf6+ Kg6 35. Nd7 Rc8 36. Nxb5 Rd8 37. Nb6 Bf8 38. Nc7 Bd6 39. Ne6 Re8 40. Nc4 Bxg3 41. Nxc5 Bc8 42. Rg1 f4 43. Nd6 Bf5+ 44. Nxf5 Kxf5 45. d6 Bxh4 46. d7 Rd8 47. Rd1 f3 48. Nb7 Rb8 49. d8=Q Bxd8 50. Nxd8 Ke4 51. Ne6 Ke3 52. Ng5 Ke2 53. Rc1 f2 54. Ne4 f1=N 55. Nc3+ Kf2 56. Rd1 Ne3 57. Rd4 Rb7 58. Nd1+ Ke2 59. Nxe3 Kxe3 60. Rh4 Kd3 61. Ka2 Kc2 62. Rc4+ Kd3 63. b3 Rb8 64. Kb2 Rb7 65. Rh4 Rc7 66. b4 Rc4 67. Rh3+ Kd4 68. Kb3 Rc8 69. b5 Rc1 70. Kb4 Rb1+ 71. Ka5 Kc5 72. Rc3+ Kd6 73. b6 Kd7 74. Ka6 Ra1+ 75. Kb7 Rb1 76. Rd3+ Ke8 77. Kc7 Rc1+ 78. Kb8 Rb1 79. b7 Ra1 80. Rd5 Ra2 81. Kc7 Rc2+ 82. Kb6 Rb2+ 83. Rb5 1-0

[Event "UZB-ch Men 2021"]
[Site "Tashkent"]
[Date "2021.04.17"]
[Round "1.4"]
[White "Vokhidov, Shamsiddin"]
[Black "Dzhumaev, Marat"]
[Result "1/2-1/2"]
[WhiteElo "2529"]
[BlackElo "2425"]
[Annotator "broadcasts"]
[PlyCount "98"]
[EventDate "2021.04.17"]
[EventType "tourn"]
[EventCountry "UZB"]
[SourceVersionDate "2021.04.17"]
[TimeControl "5400+30"]

1. e4 c6 2. d4 d5 3. exd5 cxd5 4. c4 Nf6 5. Nc3 Nc6 6. Nf3 Bg4 7. cxd5 Nxd5 8. Qb3 Bxf3 9. gxf3 e6 10. Qxb7 Nxd4 11. Bb5+ Nxb5 12. Qc6+ Ke7 13. Qxb5 Qd7 14. Nxd5+ Qxd5 15. Qxd5 exd5 16. Be3 Ke6 17. O-O-O Rc8+ 18. Kb1 Bc5 19. Rhe1 Kd6 20. Rd3 Rhd8 21. Bg5 f6 22. Bf4+ Kc6 23. Re6+ Kd7 24. Ra6 Ke7 25. a4 g5 26. Be3 d4 27. Bd2 Rd6 28. Rxd6 Bxd6 29. f4 gxf4 30. Rxd4 Be5 31. Rb4 f3 32. Be3 Rc7 33. h3 Ke6 34. a5 Kd5 35. a6 Rc6 36. Rb7 Rxa6 37. Rxa7 Rd6 38. Rxh7 Ke4 39. Kc2 Rc6+ 40. Kb3 Rd6 41. Kc4 Bxb2 42. Rh4+ Kf5 43. Rf4+ Kg6 44. Rxf3 Be5 45. Bc5 Rd1 46. Rd3 Rxd3 47. Kxd3 Kh5 48. Ke4 Kh4 49. f4 Bxf4 1/2-1/2

[Event "UZB-ch Men 2021"]
[Site "Tashkent"]
[Date "2021.04.17"]
[Round "1.5"]
[White "Abdurakhmonov, Mukhammadali"]
[Black "Yakubboev, Nodirbek"]
[Result "0-1"]
[WhiteElo "2284"]
[BlackElo "2605"]
[Annotator "TA"]
[PlyCount "70"]
[EventDate "2021.04.17"]
[EventType "tourn"]
[EventCountry "UZB"]
[SourceVersionDate "2021.04.17"]

{[%evp 13,70,14,17,13,34,29,25,9,25,28,12,3,21,24,60,7,7,0,0,-4,-6,-51,-44,-59,-50,-39,-34,-58,-57,-57,-56,-50,-50,-126,-125,-190,-180,-198,-202,-196,-223,-216,-210,-247,-240,-241,-235,-240,-236,-377,-368,-371,-351,-352,-348,-431,-430,-2101,-868]} 1. e4 c6 2. d4 d5 3. exd5 cxd5 4. c4 Nf6 5. Nc3 Nc6 6. Bg5 Be6 7. a3 Qd7 (7... dxc4 $2 8. Bxf6 Qb6 9. d5 $1 $18) 8. Nge2 {B13: Caro-Kann: Exchange Variation and Panov-Botvinnik Attack.} Rd8 {[#]} 9. Nf4 $146 ({Predecessor:} 9. Bxf6 gxf6 10. Nf4 Bh6 11. Nxe6 Qxe6+ 12. Be2 dxc4 13. d5 Qf5 14. Qa4 Rxd5 15. Nxd5 Qxd5 {½-½ (28) Tkachenko,I (2307)-Degtyaryov,S (2262) ICCF email 2017}) 9... dxc4 10. Bxf6 {White has an edge.} exf6 ({Don't play} 10... gxf6 $6 11. d5 $16) 11. d5 {[%mdl 64] Double Attack} Qe7 12. Be2 {And now Qa4 would win.} Ne5 $1 13. O-O Qc5 14. Qc2 ({White should try} 14. b4 $14 cxb3 15. Qxb3) 14... Bd7 15. Nh5 f5 16. Kh1 {Hoping for Rae1.} f6 17. f4 Nd3 18. Bxd3 cxd3 19. Qxd3 Kf7 20. Ng3 g6 21. Nge2 Rc8 22. Nd4 $1 Qc4 23. Qd2 {[#]} (23. Rf3 $15) 23... Bxa3 $1 $17 {[%mdl 512]} 24. Rfc1 (24. Rf3 $17 {was worth a try.} Bc5 25. Rd3) 24... Bc5 $19 25. Ne6 Bxe6 26. b3 {[#]} Qd4 {[%cal Rd4d2]} (26... Qxb3 27. Rcb1 $14) 27. dxe6+ Kxe6 28. Qe2+ Kf7 29. Nb5 Qe4 30. Qf1 {Black must now prevent Rxc5!} Rhd8 31. Rxa7 (31. Nxa7 $142 Bxa7 32. Rxa7) 31... Bxa7 32. Rxc8 {[#]} Qxf4 $3 {[%cal Rf4f1][%mdl 512]} 33. Rc7+ (33. Rc1 Be3) 33... Kg8 {[%cal Rf4f1]} 34. Qe1 {[#] White threatens Qe6+ and mate.} Qe5 {[%cal Re5e1]} 35. Qf1 {[#]} (35. Rc1 $142 Bb8 36. Qxe5 fxe5 37. g3) 35... Qxb5 $3 {[%mdl 512] Weighted Error Value: White=0.43/Black=0.03} 0-1

[Event "UZB-ch Men 2021"]
[Site "Tashkent"]
[Date "2021.04.17"]
[Round "1.6"]
[White "Rakhmatullaev, Almas"]
[Black "Madaminov, Mukhiddin"]
[Result "1-0"]
[WhiteElo "2190"]
[BlackElo "2258"]
[Annotator "NA"]
[PlyCount "87"]
[EventDate "2021.04.17"]
[EventType "tourn"]
[EventCountry "UZB"]
[SourceVersionDate "2021.04.17"]
[TimeControl "5400+30"]

1. e4 e6 2. d4 d5 3. Nc3 Nf6 4. e5 Nfd7 5. f4 c5 6. Nf3 Nc6 7. Be3 Qb6 8. a3 cxd4 9. Nxd4 Bc5 10. Na4 Qa5+ 11. c3 Bxd4 12. Bxd4 Nxd4 13. Qxd4 b6 14. Bd3 Ba6 15. Bc2 Qb5 16. O-O-O Rc8 17. b4 Qc6 18. Kd2 O-O 19. Rhe1 Rfd8 20. Nb2 Nb8 21. a4 Qe8 22. b5 Bb7 23. f5 Nd7 24. f6 g6 25. Re3 Nc5 26. Ke1 Ne4 27. Qb4 Rc5 28. Rd4 Rdc8 29. Bxe4 dxe4 30. Nc4 Qf8 31. Nd6 R8c7 32. Nxb7 Rxb7 33. Rexe4 Rbc7 34. c4 Rc8 35. Qd2 h5 36. h3 R5c7 37. g4 h4 38. g5 Rc5 39. Rd6 Ra8 40. Qd4 Rcc8 41. Rxh4 Rd8 42. Rh6 Rxd6 43. exd6 Qxd6 44. Qxd6 1-0

[Event "UZB-ch Men 2021"]
[Site "Tashkent"]
[Date "2021.04.20"]
[Round "2.1"]
[White "Yakubboev, Nodirbek"]
[Black "Rakhmatullaev, Almas"]
[Result "1-0"]
[WhiteElo "2605"]
[BlackElo "2190"]
[Annotator "TA"]
[PlyCount "111"]
[EventDate "2021.04.17"]
[EventType "tourn"]
[EventCountry "UZB"]
[SourceTitle "playchess.com"]
[Source "ChessBase"]
[SourceQuality "1"]

{[%evp 21,111,0,38,11,19,17,18,0,0,0,24,21,35,31,50,50,51,55,52,44,86,88,110,94,97,75,104,108,105,88,100,94,339,329,297,279,267,251,191,195,171,123,134,129,127,116,157,157,152,150,144,146,149,150,227,210,293,322,345,0,0,0,339,326,418,248,418,237,199,177,298,291,364,359,455,286,208,141,141,141,761,90,702,639,1179,1052,1889,1652,2650,2606,29976,29977]} 1. e4 e5 2. Nf3 Nc6 3. Bb5 Nf6 4. O-O Nxe4 5. d4 Nd6 6. Bxc6 dxc6 7. dxe5 Nf5 8. Qxd8+ Kxd8 9. Rd1+ Ke8 10. Nc3 {[%cal Bb1c3,Bc3e2,Be2f4][%mdl 32]} Be7 11. h3 h6 (11... Be6 {is interesting.} 12. b3 Rd8 13. Bb2 h5 14. Kf1 Rd7) 12. Ne2 {C67: Ruy Lopez: Berlin Defence: 4 0-0 Nxe4.} (12. b3 {looks sharper.} Bd7 13. Bb2 Rd8 14. g3 Be6 15. Kg2) 12... Nh4 13. Nxh4 Bxh4 14. g4 {[#] The position is equal.} h5 $146 ({Predecessor:} 14... Be7 15. Be3 Bd7 16. Rd2 b6 17. Rad1 Rd8 18. Ng3 g6 19. f4 Bc8 20. Rxd8+ Bxd8 {½-½ (46) Sutovsky,E (2695)-Roiz,M (2649) Israel 2011}) 15. f3 Be7 16. Nf4 hxg4 17. hxg4 g5 18. Nh5 Rg8 19. Be3 Be6 20. b3 Bd5 21. Kf2 b5 22. Rd4 a5 23. c4 bxc4 24. bxc4 Be6 25. Rb1 c5 26. Rd2 Bxc4 $2 {[#]} (26... Rg6 $16) 27. Nf6+ $1 $18 Bxf6 28. exf6 Be6 29. Bxc5 Rh8 {With the idea ...Rh2+.} 30. Kg3 {aiming for Be7.} Rd8 31. Rxd8+ Kxd8 {[%mdl 4096] Endgame KRB-KRB} 32. Rb8+ Bc8 33. Ra8 Rh1 34. Be7+ Kd7 35. Rxa5 Bb7 36. Rxg5 Rf1 37. Rf5 Ke6 (37... Bc6 $16 38. Bb4 Rg1+ 39. Kh2 Rd1) 38. a4 Bd5 39. f4 {Re5+ is the strong threat.} Rg1+ 40. Kh2 {White threatens Re5+ and mate.} Rh1+ 41. Kg3 Rg1+ 42. Kh4 {Threatens to win with Re5+.} Bf3 43. Re5+ Kd7 44. Rg5 (44. g5 $142) 44... Bc6 45. Rg7 Ke6 (45... Rh1+ $142 46. Kg3 Bd5) 46. a5 Bd5 47. Rg5 {Hoping for Re5+.} Re1 48. Rg8 Ra1 49. Kg5 Rxa5 50. f5+ Kd7 $2 {[%mdl 8192]} (50... Ke5 $16) 51. Rd8+ Kc6 {[#]} 52. Kh6 $1 Ra4 53. g5 Rf4 54. g6 fxg6 55. fxg6 Be6 56. Kg7 {Weighted Error Value: White=0.32/Black=0.55} 1-0

[Event "UZB-ch Men 2021"]
[Site "Tashkent"]
[Date "2021.04.20"]
[Round "2.2"]
[White "Dzhumaev, Marat"]
[Black "Abdurakhmonov, Mukhammadali"]
[Result "1/2-1/2"]
[WhiteElo "2425"]
[BlackElo "2284"]
[Annotator "RC"]
[PlyCount "143"]
[EventDate "2021.04.17"]
[EventType "tourn"]
[EventCountry "UZB"]
[SourceTitle "playchess.com"]
[Source "ChessBase"]
[SourceQuality "1"]
[TimeControl "5400+30"]

1. e4 {[%emt 0:00:10]} c5 {[%emt 0:00:24]} 2. Nf3 {[%emt 0:00:45]} d6 {[%emt 0:04:19]} 3. d4 {[%emt 0:01:32]} cxd4 {[%emt 0:00:15]} 4. Nxd4 {[%emt 0:00:06]} Nf6 {[%emt 0:00:21]} 5. Nc3 {[%emt 0:00:08]} a6 {[%emt 0:00:07]} 6. Nb3 {[%emt 0:01:50]} Nc6 {[%emt 0:03:58]} 7. Be2 {[%emt 0:01:54]} g6 {[%emt 0:01:24]} 8. O-O {[%emt 0:01:39]} Bg7 {[%emt 0:00:13]} 9. Re1 {[%emt 0:00:24]} O-O {[%emt 0:00:29]} 10. Bg5 {[%emt 0:00:48]} b5 {[%emt 0:09:37]} 11. Bf1 {[%emt 0:05:27]} Nd7 {[%emt 0:03:40]} 12. Qc1 {[%emt 0:04:49]} Bb7 {[%emt 0:04:04]} 13. a4 {[%emt 0:03:00]} bxa4 {[%emt 0:01:31]} 14. Rxa4 {[%emt 0:00:21]} Nb6 {[%emt 0:00:41]} 15. Ra3 {[%emt 0:01:52]} Re8 {[%emt 0:01:05]} 16. Nd5 {[%emt 0:10:05]} Ne5 {[%emt 0:15:37]} 17. Rd1 {[%emt 0:24:18]} Bxd5 {[%emt 0:10:50]} 18. exd5 {[%emt 0:02:31]} Nec4 {[%emt 0:00:18]} 19. Ra2 {[%emt 0:00:22]} Qc7 {[%emt 0:01:07]} 20. c3 {[%emt 0:01:07]} a5 {[%emt 0:05:33]} 21. Qc2 {[%emt 0:10:14]} a4 {[%emt 0:04:13]} 22. Nd4 {[%emt 0:05:02]} Nxd5 {[%emt 0:06:45]} 23. Rxa4 {[%emt 0:01:13]} Ndb6 {[%emt 0:01:43]} 24. Rxa8 {[%emt 0:04:52]} Rxa8 {[%emt 0:00:06]} 25. b3 {[%emt 0:02:09]} Ne5 {[%emt 0:04:22]} 26. c4 {[%emt 0:00:24]} Bf8 {[%emt 0:01:48]} 27. h3 {[%emt 0:00:51]} Rc8 {[%emt 0:01:14]} 28. Nb5 {[%emt 0:02:11]} Qd7 {[%emt 0:05:26]} 29. Qd2 {[%emt 0:03:46]} Qf5 {[%emt 0:03:31]} 30. Be3 {[%emt 0:00:11]} Na8 {[%emt 0:02:00]} 31. Be2 {[%emt 0:03:50]} h5 {[%emt 0:01:41]} 32. f4 {[%emt 0:01:34]} Nd7 {[%emt 0:00:22]} 33. g4 {[%emt 0:01:27]} Qf6 {[%emt 0:00:30]} 34. gxh5 {[%emt 0:01:06]} Nc7 {[%emt 0:00:26]} 35. Nxc7 {[%emt 0:00:24]} Rxc7 {[%emt 0:00:06]} 36. hxg6 {[%emt 0:00:07]} fxg6 {[%emt 0:00:23]} 37. Kh2 {[%emt 0:00:49]} e5 {[%emt 0:00:37]} 38. Rg1 {[%emt 0:00:21]} exf4 {[%emt 0:00:42]} 39. Bxf4 {[%emt 0:00:53]} Ne5 {[%emt 0:00:05]} 40. Qd5+ {[%emt 0:00:49]} Kh7 {[%emt 0:00:31]} 41. Bg3 {[%emt 0:00:26]} Ra7 {[%emt 0:01:28]} 42. Rf1 {[%emt 0:00:23]} Qe7 {[%emt 0:00:04]} 43. Rf2 {[%emt 0:02:12]} Bg7 {[%emt 0:00:24]} 44. Bd1 {[%emt 0:00:46]} Qg5 {[%emt 0:00:57]} 45. Bf4 {[%emt 0:00:40]} Qh4 {[%emt 0:00:19]} 46. Bg3 {[%emt 0:00:08]} Qg5 {[%emt 0:00:09]} 47. Bc2 {[%emt 0:00:26]} Ra1 {[%emt 0:00:35]} 48. Qe4 {[%emt 0:00:33]} Qc1 {[%emt 0:00:33]} 49. Qg2 {[%emt 0:00:19]} Qh6 {[%emt 0:01:57]} 50. Bf4 {[%emt 0:00:20]} Qh4 {[%emt 0:00:03]} 51. Be3 {[%emt 0:02:09]} Bh6 {[%emt 0:00:53]} 52. Qb7+ {[%emt 0:00:12]} Kh8 {[%emt 0:00:44]} 53. Kg2 {[%emt 0:00:43]} Rg1+ {[%emt 0:00:53]} 54. Kxg1 {[%emt 0:00:09]} Bxe3 {[%emt 0:00:06]} 55. Qa8+ {[%emt 0:01:14]} Kh7 {[%emt 0:00:33]} 56. Qg2 {[%emt 0:00:17]} Bxf2+ {[%emt 0:00:12]} 57. Qxf2 {[%emt 0:00:05]} Qxh3 {[%emt 0:00:07]} 58. Be4 {[%emt 0:01:13]} Qxb3 {[%emt 0:01:27]} 59. Qh4+ {[%emt 0:00:14]} Kg7 {[%emt 0:00:05]} 60. Qe7+ {[%emt 0:00:09]} Nf7 {[%emt 0:00:23]} 61. Bd5 {[%emt 0:00:29]} Qg3+ {[%emt 0:00:05]} 62. Kf1 {[%emt 0:01:41]} Qf4+ {[%emt 0:00:16]} 63. Ke2 {[%emt 0:00:33]} Qe5+ {[%emt 0:00:17]} 64. Qxe5+ {[%emt 0:00:05]} Nxe5 {[%emt 0:00:05]} 65. Ke3 {[%emt 0:00:05]} Kf6 {[%emt 0:00:27]} 66. Kd4 {[%emt 0:00:13]} Nd7 {[%emt 0:01:01]} 67. Bf3 {[%emt 0:00:28]} g5 {[%emt 0:00:13]} 68. Kd5 {[%emt 0:00:16]} Ke7 {[%emt 0:00:03]} 69. Ke4 {[%emt 0:00:19]} Kf6 {[%emt 0:01:40]} 70. Kd5 {[%emt 0:00:06]} Ke7 {[%emt 0:02:27]} 71. Ke4 {[%emt 0:00:07]} Ne5 {[%emt 0:02:45]} 72. c5 {[%emt 0:00:27]} 1/2-1/2

[Event "UZB-ch Men 2021"]
[Site "Tashkent"]
[Date "2021.04.20"]
[Round "2.3"]
[White "Begmuratov, Khumoyun"]
[Black "Vokhidov, Shamsiddin"]
[Result "0-1"]
[WhiteElo "1971"]
[BlackElo "2529"]
[Annotator "TA"]
[PlyCount "70"]
[EventDate "2021.04.17"]
[EventType "tourn"]
[EventCountry "UZB"]
[SourceTitle "playchess.com"]
[Source "ChessBase"]
[SourceQuality "1"]

{[%evp 15,70,17,22,16,20,12,31,26,45,35,45,-32,-14,-98,-78,-129,-128,-177,-182,-597,-605,-624,-483,-718,-688,-1599,-1590,-1583,-1578,-1581,-1567,-1578,-1576,-1562,-1531,-1539,-1522,-1512,-1498,-1476,-1461,-1692,-954,-2462,-2462,-6040,-5800,-6216,-5991,-5702,-5235,-3026,-2555,-5307,-5223,-1975,-1975]} 1. e4 c5 2. Nf3 Nc6 3. d4 cxd4 4. Nxd4 e6 5. Nc3 Qc7 6. a3 a6 7. Be2 Nf6 8. Be3 b5 9. f4 {Black should prevent e5. B48: Sicilian: Taimanov: 5 Nc3 Qc7 6 Be3 a6 without Be2.} Bb7 10. Bf3 d6 11. Qe2 {White is slightly better.} Na5 {[%cal Bc6a5,Ba5c4,Bc4b2,Bb2d1][%mdl 32] [#]} 12. O-O-O $146 ({Predecessor:} 12. O-O Nc4 13. e5 Nxe3 14. Qxe3 dxe5 15. fxe5 Nd7 16. Bxb7 Qxb7 17. Qf4 Nb6 18. Rad1 {1-0 (56) Korolev,S-Palm,H corr 1982}) 12... Rc8 13. Rhe1 (13. Rd3 $14) 13... Nc4 $15 14. e5 (14. Rd3 $11 {keeps the balance.}) 14... dxe5 15. fxe5 {[#]} ({White should try} 15. Bxb7 Qxb7 16. fxe5) 15... Bxf3 $1 $17 16. Qxf3 {[#]} Nxb2 $1 {[%mdl 576] Discovered Attack} 17. Nxe6 $2 (17. Ncxb5 {is tougher.} axb5 18. Kxb2) 17... Qxc3 $19 {[%csl Gc8][%cal Rc3c2] Black is clearly winning.} 18. Bc5 {White threatens Qc6+! and mate.} Nxd1 ({Avoid the trap} 18... fxe6 $2 19. Qxc3 Nd5 {[#]} 20. Rxd5 $1 $18 {[%mdl 512]}) 19. Nc7+ (19. Nxg7+ $142 Bxg7 20. Qxc3 Nxc3 21. exf6+ Kd7 22. fxg7) 19... Rxc7 20. Qa8+ Kd7 21. e6+ fxe6 22. Rxd1+ Nd5 {[%mdl 64] Overworked Piece} 23. Rxd5+ exd5 24. Qxd5+ Ke8 25. Qa8+ Kf7 26. Qd5+ Kg6 27. Qe4+ Kh5 28. g4+ Kh6 29. g5+ Kh5 30. Qe2+ Kxg5 {( -> ...Qa1+)} 31. Be3+ Kf6 32. Qf3+ Ke6 {[%csl Gc7][%cal Rc3c2]} 33. Qh3+ Kf7 {[%csl Gc7][%cal Rc3c2]} 34. Qh5+ Kg8 {[%csl Gc7][%cal Rc3c2]} 35. Qd5+ Rf7 {White did not feel at home in the position after the opening.  Weighted Error Value: White=0.86/Black=0.13} 0-1

[Event "UZB-ch Men 2021"]
[Site "Tashkent"]
[Date "2021.04.20"]
[Round "2.4"]
[White "Shermuhammadov, Samandar"]
[Black "Vakhidov, Jakhongir"]
[Result "1/2-1/2"]
[WhiteElo "2063"]
[BlackElo "2533"]
[Annotator "TA"]
[PlyCount "117"]
[EventDate "2021.04.17"]
[EventType "tourn"]
[EventCountry "UZB"]
[SourceTitle "playchess.com"]
[Source "ChessBase"]
[SourceQuality "1"]

{[%evp 9,117,0,0,0,0,-3,0,0,22,12,0,0,6,-39,-26,-20,11,2,25,16,20,23,51,29,43,0,6,4,7,12,18,22,0,0,13,22,15,10,29,14,45,7,30,0,8,-3,26,18,16,10,14,8,29,-8,0,-8,0,-15,0,0,0,0,0,0,0,-52,0,0,0,0,0,0,0,0,0,0,0,0,0,0,0,0,0,0,0,0,0,0,0,0,0,0,0,0,0,0,0,0,0,0,0,0,0,0,0,0,0,0,0,0]} 1. e4 c5 2. Nf3 g6 3. d4 cxd4 4. Qxd4 Nf6 5. c4 Nc6 6. Qe3 {B27: Sicilian: 2 Nf3, unusual Black 2nd moves.} d6 7. Nc3 Bg4 8. Be2 Bg7 9. O-O Nd7 10. Rd1 O-O 11. h3 Bxf3 12. Bxf3 {[#]} Qb6 $146 ({Predecessor:} 12... Rc8 13. Be2 a6 14. Rb1 Qa5 15. Bd2 Qc5 16. Na4 Qxe3 17. Bxe3 a5 18. a3 h5 {½-½ (83) Liou,Y (2417)-Liang,A (2404) Saint Louis 2015}) 13. Nd5 Qxe3 14. Bxe3 Rac8 15. Rac1 Rfe8 16. b3 Nc5 17. g4 e6 18. Nf4 Nb4 19. Rd2 ({Reject} 19. Rxd6 Nxa2 20. Rf1 Nxb3 $17) 19... a5 20. Ne2 (20. Rxd6 Nxa2 21. Rf1 Nxb3 $17) 20... a4 21. Rb1 ({Don't play} 21. Rxd6 Nxa2 22. Rb1 Nxb3 $17) 21... axb3 22. axb3 Red8 23. Bg2 Kf8 24. f4 Ke7 25. Bf2 h6 26. h4 g5 27. e5 dxe5 28. Rxd8 Kxd8 29. fxg5 hxg5 30. h5 Ke7 31. Bxc5+ Rxc5 32. Ra1 Nc6 33. Ra8 Nd4 34. Nxd4 exd4 $11 {[%mdl 4096] Endgame KRB-KRB} 35. Ra7 d3 36. Rxb7+ Kd6 {Threatens to win with ...Bd4+.} 37. Rxf7 {[#]} (37. Rb6+ $11 Kd7 38. Rb7+ Kd6 39. Rb6+ Ke7 40. Rb7+ Kd6) 37... d2 $1 38. Bf3 {The position is equal.} Bd4+ 39. Kg2 Re5 $1 {[%cal Re5e1]} 40. b4 Re1 41. c5+ Ke5 42. h6 {[#] White threatens h7 and mate.} Rg1+ 43. Kh2 {White wants to mate with h7.} d1=Q 44. Bxd1 Rxd1 {KRB-KR} 45. h7 Ke4 46. Rf8 {aiming for c6.} Rd2+ 47. Kh1 $1 {Black must now prevent c6.} Rc2 48. h8=Q Bxh8 49. Rxh8 {KR-KR} e5 50. Rf8 Rc4 51. Kg2 Rxb4 52. Rf5 Rb2+ 53. Kg3 Rb3+ 54. Kg2 (54. Kf2 {looks sharper.} Rb2+ 55. Kg3) 54... Rc3 55. Rxg5 Rxc5 56. Rf5 Rc8 57. Kg3 Kd4 58. g5 e4 59. Rf7 {Weighted Error Value: White=0.07/Black=0.07} 1/2-1/2

[Event "UZB-ch Men 2021"]
[Site "Tashkent"]
[Date "2021.04.20"]
[Round "2.5"]
[White "Abdusattorov, Nodirbek"]
[Black "Sindarov, Javokhir"]
[Result "0-1"]
[WhiteElo "2627"]
[BlackElo "2544"]
[Annotator "TA"]
[PlyCount "78"]
[EventDate "2021.04.17"]
[EventType "tourn"]
[EventCountry "UZB"]
[SourceTitle "playchess.com"]
[Source "ChessBase"]
[SourceQuality "1"]

{[%evp 9,78,-2,6,0,-2,0,0,-5,0,4,7,-28,-22,-15,-12,-21,-22,-19,-17,-43,-41,-37,-39,-51,-26,-66,-75,-65,-52,-93,-119,-89,-108,-95,-60,-175,-178,-170,-149,-257,-137,-160,-163,-229,-231,-230,-236,-220,-224,-220,-220,-279,-290,-283,-283,-276,-276,-340,-336,-336,-325,-383,-334,-383,-383,-379,-376,-374,-364,-375,-366]} 1. e4 c5 2. Nc3 g6 3. d4 cxd4 4. Qxd4 Nf6 5. Bb5 Nc6 6. Bxc6 {B23: Closed Sicilian: Lines without g3.} dxc6 7. Qxd8+ Kxd8 8. Bf4 {The position is equal.} Ke8 {[#]} 9. O-O-O $146 ({Predecessor:} 9. Nf3 Nh5 10. Bc7 Bh6 11. Rd1 Be6 12. O-O Bf4 13. Bxf4 Nxf4 14. g3 Nh5 15. Nd4 {1-0 (62) Drayton,A (2024)-Tromp,H (1674) Batumi 2018}) 9... Nh5 10. Bc7 {[%csl Gc7][%cal Rd1d8]} (10. Be3 {keeps more tension.} e5 11. Nge2 Be7 12. h3 g5 13. f3) 10... Bd7 11. h3 Bh6+ 12. Kb1 Nf4 13. Nge2 Nxg2 14. h4 Rc8 15. Bg3 {Rh2 is the strong threat.} f5 $1 16. exf5 gxf5 17. Be5 Rf8 18. Rdg1 {[#]} f4 $1 19. f3 (19. Rxg2 f3) 19... Ne3 20. Bg7 Bxg7 21. Rxg7 Rd8 22. Rxh7 (22. Re1 $1 $15) 22... Bf5 $19 {[%mdl 64] Double Attack} 23. Rg7 Rd2 (23... Nxc2 24. Nxf4 Nd4+ 25. Ka1 $15) ({Don't do} 23... Bxc2+ 24. Kc1 $17) 24. a3 (24. Nxf4 $17 {is a better defense.} Rxc2 25. Ka1) 24... Bxc2+ (24... Rxc2 $19 25. Ka1 Bd3) 25. Kc1 $17 Nc4 $36 {[%mdl 2048] aiming for ...Bd3. Keeping White busy.} 26. Rg2 {[#]} (26. Nd4 $142 Rxd4 27. Kxc2) 26... Bh7 $1 $19 27. Nxf4 {[#]} Rxg2 ({Much less strong is} 27... Rxf4 28. Rxd2 Nxd2 29. Kxd2 $17) 28. Nxg2 Rxf3 {And now ...Rf2 would win.} 29. Re1 Rg3 30. Re2 Bd3 31. Rf2 Rh3 32. Nd1 Rh1 33. h5 Be4 34. b3 Na5 35. Nf4 Nxb3+ 36. Kb2 Nc5 {Black is winning.} ({Less strong is} 36... Rxd1 37. Kxb3 Rh1 38. Re2 $19) 37. Nc3 Nd3+ 38. Nxd3 Bxd3 39. Rf3 Bh7 {Weighted Error Value: White=0.22/Black=0.05} 0-1